Представление документа в формате MARC21

ПолеНазваниеЗначение
  Тип записи a
  Библиографический уровень m
001 Контрольный номер RU\infra-m\znanium\bibl\2157180
005 Дата корректировки 20260429142119.4
008 Кодируемые данные 260123s2025 RU g rus u
020 Индекс ISBN __
a ISBN 978-5-16-020072-9
020 Индекс ISBN __
a ISBN 978-5-16-112623-3 (электр. издание)
040 Источник каталогиз. __
a Служба первич. каталог. Общество с ограниченной ответственностью «ЗНАНИУМ»
041 Код языка издания __
a Код языка текста rus
044 Код страны публикации __
a Код страны публикации RU
080 Индекс УДК __
a Индекс УДК 37+82.0(075.8)
084 Индекс другой классификации/Индекс ББК __
2 Источник индекса rubbk
a Индекс другой классификации/Индекс ББК 74.6:83я73
084 Индекс другой классификации/Индекс ББК __
2 Источник индекса okso
a Индекс другой классификации/Индекс ББК 44.03.01
084 Индекс другой классификации/Индекс ББК __
2 Источник индекса okso
a Индекс другой классификации/Индекс ББК 44.03.05
084 Индекс другой классификации/Индекс ББК __
2 Источник индекса okso
a Индекс другой классификации/Индекс ББК 52.05.04
100 Автор __
a Автор Первова Г.М.
q Полное имя Первова Галина Михайловна
u Дополнение Тамбовский государственный университет им. Г.Р. Державина
245 Заглавие __
a Заглавие Теория детской литературы и практика читательской деятельности
b Продолж. заглавия Учебник
c Ответственность Тамбовский государственный университет им. Г.Р. Державина
250 Сведения об издании __
a Основные сведения об издании 1
260 Выходные данные __
a Место издания Москва
b Издательство ООО "Научно-издательский центр ИНФРА-М"
c Дата издания 2025
300 Физическое описание __
a Объем 443 с.
440 Серия __
a Серия Высшее образование
520 Аннотация __
a Аннотация В учебнике раскрываются основные теоретические понятия исторические сведения и методические проблемы вводящие преподавателей и студентов в науку о детской литературе. Реализуя литературоведческий подход учебник совершенствует читательский кругозор будущих педагогов задает примеры анализа художественных текстов с учетом восприятия литературы детьми настраивает студентов на основную форму обучения — самостоятельную работу по освоению круга детского чтения. Соответствует требованиям федеральных государственных образовательных стандартов высшего образования последнего поколения. Предназначен для студентов изучающих детскую литературу и методику литературного чтения в колледжах и вузах по направлению подготовки «Педагогическое образование» (профили 44.03.01 «Дошкольное образование» «Начальное образование» 44.03.05 «Русский язык и литература»).
521 Примеч. о цел. назн. __
a Примеч. о целев. назн. ВО - Бакалавриат
650 Тематические рубрики __
a Основная рубрика Педагогика. Образование
x Основная подрубрика Специализации педагогического образования
655 Указ. предметных рубрик (устаревшее) __
a Жанр/ форма (устаревшее) Учебник
856 Электронный адрес документа 4_
a Имя сервера/домена znanium.ru
m Помощь ebs_support@infra-m.ru
n Местонахождение сервера НИЦ ИНФРА-М
u URL https://znanium.ru/catalog/document?id=461814
856 Электронный адрес документа 48
a Имя сервера/домена znanium.ru
d Путь /cover/2157
f Электронное имя 2157180.jpg
q Тип электронного формата image/jpeg
u URL https://znanium.ru/cover/2157/2157180.jpg
911 __
u 0030=https://znanium.ru/catalog/document?id=461814